Rzeczowniki zaczynające się na PRZY- - Statystyki

Ogólne statystyki
  • Ten quiz został rozwiązany 20 razy
  • Średni wynik to 16 z 35
Statystyki odpowiedzi
Odpowiedź % Poprawnych
przymiotnik
86%
przyroda
86%
przyjaciel
79%
przybór
71%
przyczyna
71%
przystań
71%
przykład
64%
przykrość
64%
przystanek
64%
przypadek
57%
przyprawa
57%
przyimek
50%
przyjaźń
50%
przyjęcie
50%
przykazanie
50%
przydomek
43%
przygotowanie
43%
przymierze
43%
przysiad
43%
przysięga
43%
przyszłość
43%
przychodnia
36%
przycisk
36%
przymus
36%
przypomnienie
36%
przyrząd
36%
przywitanie
36%
przyczepa
29%
przyjemność
29%
przysłówek
29%
przywódca
29%
przysmak
21%
przymierzalnia
14%
przysługa
14%
przyzwyczajenie
14%
Nie znaleziono quizów pasujących do podanych kryteriów
Rozkład punktacji
Procent ludzi z każdym wynikiem
Percentyl według liczby udzielonych odpowiedzi
Twoja historia wyników
Nie rozwiązałeś tego quizu